000 00207nam a22000857a 4500
008 170301b xxu||||| |||| 00| 0 eng d
100 _92990
_aSarna.C.S.
245 _aMathematics-IX
260 _aNew Delhi
_bAPC
_c2009
999 _c6234
_d6234